000 00786nam a2200229 a 4500
001 BRCA_8385
005 20190320210247.0
008 131114s2014----mx-a######---#000-0#spa-#
020 _a9786079526481 (v.1)
020 _a9786079526498 (v.2.)
020 _a9786079644703 (v.3)
041 _aspa
050 4 _bC66 2014
245 1 0 _aConferencias sobre arquitectura
_corganizadas por Alberto T. Arai ; compilación Marta Olivares Correa.
260 _aMéxico
_bUniversidad Obrera de México : UAM, Xochimilco
_c2014
300 _a3 v.
_bil. (algunas a color)
_c23 cm.
500 _aIncluye índice de láminas
505 0 _aContenido: v.1. 1954. -- v.2. 1955. -- v.3. 1956
700 1 _aArai, Alberto T.
_921008
700 1 _aOlivares Correa, Marta
_ecomp.
_921009
942 _2lcc
_cB
999 _c8053
_d8053